000 00405nam a2200181Ia 4500
001 10118
005 20260306161808.0
008 260306t2008||||xx |||||||||||||| ||spa||
041 _aESP
082 _aJP 895.6
_bK27A
100 _aKawabata, Yasunari
_eAUT
245 0 _aKioto
260 _c2008
300 _a210 páginas :
_c23 cm.
650 _aGEN
654 _aCHU
942 _cLIB
_dJUS
_fJUS
_2ddc
_n
999 _c10118
_d10118